Curso de derecho comercial: los seguros

Uloženo v:
Podrobná bibliografie
Hlavní autor: Varela Varela, Raúl (Autor)
Médium: Kniha
Jazyk:španělština
Vydáno: Santiago Universitaria 1958
Edice:Apuntes de Clases
Témata:
Tagy: Přidat tag
Žádné tagy, Buďte první, kdo vytvoří štítek k tomuto záznamu!

MARC

LEADER 00000nam a2200000 a 4500
001 UCL3393
003 CL-VaPUC
008 031128e19580000CL |||||||||||||||||spa|d
082 0 4 |a 346.8307  |b VAR  |2 21 
100 0 |a Varela Varela, Raúl  |e author  |9 480659 
245 1 0 |a Curso de derecho comercial: los seguros 
300 |a 201 p 
942 |c BK 
945 |d 20031128 00:00:00  |a rbrito 
260 |a Santiago  |b Universitaria  |c 1958 
650 0 |a Derecho comercial   |9 256340 
650 7 |a SEGUROS  |2 CL-VaPUC  |9 480660 
650 0 |a Seguro de vida  |9 762928 
650 7 |a SEGURO MARITIMO  |2 CL-VaPUC  |9 480662 
650 7 |a SEGURO AUTOMOTRIZ  |2 CL-VaPUC  |9 385669 
583 |a last modification  |c 20031128 00:00:00  |k Rodrigo Vera 
490 0 |a Apuntes de Clases 
999 |c 306440  |d 306438 
952 |0 0  |1 0  |4 0  |6 346_830700000000000_VAR_1958  |7 0  |8 A  |9 371465  |a BIBDER  |b BIBDER  |d 2019-11-21  |i 3964442  |o 346.8307 VAR 1958  |p 3964442  |r 2023-01-25  |w 2019-11-21  |y BK  |k DER